He Who Laughs Lasts ! (No. rekod 1648)

000 -LEADER
fixed length control field 00731nam a22002177a 4500
003 - CONTROL NUMBER IDENTIFIER
control field KPN
005 - DATE AND TIME OF LATEST TRANSACTION
control field 20251022124015.0
008 - FIXED-LENGTH DATA ELEMENTS--GENERAL INFORMATION
fixed length control field 250526b 00| 0 my d
020 ## - INTERNATIONAL STANDARD BOOK NUMBER
International Standard Book Number 9780473141509
Qualifying information paperback
040 ## - CATALOGING SOURCE
Transcribing agency KPN
082 ## - DEWEY DECIMAL CLASSIFICATION NUMBER
Edition number 23
Classification number 808.882 HE 2008
090 ## - LOCALLY ASSIGNED LC-TYPE CALL NUMBER (OCLC); LOCAL CALL NUMBER (RLIN)
Classification number (OCLC) (R) ; Classification number, CALL (RLIN) (NR) 808.882 HE 2008
Local cutter number (OCLC) ; Book number/undivided call number, CALL (RLIN) HE
245 ## - TITLE STATEMENT
Title He Who Laughs Lasts !
Statement of responsibility, etc. edited & compiled by David Tong with Cheryl Tong
260 ## - PUBLICATION, DISTRIBUTION, ETC.
Place of publication, distribution, etc. Auckland:
Name of publisher, distributor, etc. The right connection,
Date of publication, distribution, etc. 2008
300 ## - PHYSICAL DESCRIPTION
Extent 226 pages;
Dimensions 21 cm
500 ## - GENERAL NOTE
General note Contain jokes that depict the lifestyles of Malaysians. A sequel to Laughter, the Best Malaysian.
650 ## - SUBJECT ADDED ENTRY--TOPICAL TERM
Source of heading or term Malaysian wit and humor (English)
700 ## - ADDED ENTRY--PERSONAL NAME
Personal name Tong, David
Relator term editor and compiler
Personal name Tong, Cheryl
Relator term editor and compiler
942 ## - ADDED ENTRY ELEMENTS (KOHA)
Source of classification or shelving scheme
Koha item type Book
Suppress in OPAC No
Pemilik
Withdrawn status Lost status Source of classification or shelving scheme Damaged status Not for loan Collection code Home library Current library Shelving location Date acquired Total Checkouts Total Renewals Full call number Barcode Date last seen Date last checked out Price effective from Koha item type
          Non-fiction Perpustakaan Kementerian Perpaduan Malaysia Perpustakaan Kementerian Perpaduan Malaysia Non- Fiction Rack - Literature 22/10/2025 1 1 808.882 HE 2008 KPN25100003 13/03/2026 22/01/2026 22/10/2025 Book